| 000 | 00834cam a2200253 a 4500 | ||
|---|---|---|---|
| 001 | 000015760 | ||
| 005 | 20200929164138.0 | ||
| 008 | 730614s1969 ve b 000 1 spa | ||
| 040 |
_aDO-SdBNP _bspa _cOAU _dDLC _dBNPHU |
||
| 082 |
_a070 _bC355p |
||
| 100 | 1 |
_aCastro Arenas, Mario. _935457 |
|
| 245 | 1 | 3 |
_aEl periodismo y la novela contemporánea / _cMario Castro Arenas. |
| 260 |
_aCaracas, Venezuela : _bMonte Ávila Editores, _c1969. |
||
| 300 |
_a129 p. ; _c19 cm. |
||
| 490 | 1 | _aEstudios | |
| 504 | _aIncluye referencias bibliográficas (p. 127-129). | ||
| 650 | 4 |
_aPeriodismo _929 |
|
| 650 | 4 |
_aNovela _xHistoria y crítica _99004 |
|
| 650 | 4 |
_aPeriodismo en la literatura _935458 |
|
| 650 | 4 |
_aFicción _xHistoria y crítica _935459 |
|
| 830 | 0 |
_aEstudios. _93854 |
|
| 910 | _aCatalogación por copia / LC | ||
| 049 | _aBNGR | ||
| 999 |
_c15308 _d15308 |
||